Joueurs passés par l'OM et le PSG - Statistiques

Statistiques générales
  • Ce quiz a été pris 65 fois
  • Le résultat moyen est 9 sur 52
Statistiques - réponses
Joueur Poste Marseille PSG % Correct
Adrien Rabiot MIL 2024-2025 2012-2019
77%
George Weah ATT 2000-2001 1992-1995
63%
Gabriel Heinze DEF 2009-2011 2001-2004
55%
Lassana Diarra MIL 2015-2017 2018-2019
50%
Fabrice Fiorèse ATT 2004-20052007-2008 2001-2004
48%
Hatem Ben Arfa ATT 2008-2011 2016-2018
48%
Timothy Weah DEF 2025- 2018-2019
48%
Lorik Cana MIL 2005-2009 2002-2005
43%
Frédéric Déhu DEF 2004-2006 2000-2004
41%
Jérôme Alonzo GB 1995-1997 2001-2008
34%
Daniel Bravo MIL 1998-1999 1989-1996
29%
Edouard Cissé MIL 1997-20022004-2007 2009-2011
29%
Jérôme Leroy MIL 2000-2001 1996-20002002-2003
29%
Péguy Luyindula ATT 2004-2006 2006-2011
29%
Modeste M'Bami MIL 2006-2009 2003-2006
25%
Florian Maurice ATT 1998-2002 1997-1998
21%
Claude Makélélé MIL 1997-1998 2008-2011
20%
Zoumana Camara DEF 2000-2001 2007-2015
20%
Stéphane Dalmat MIL 1999-2000 2000-2001
18%
Patrick Colleter DEF 1997-1998 1991-1996
14%
Bruno Germain MIL 1989-19911994-1995 1991-1993
13%
Laurent Fournier MIL 1990-1991 1991-19941995-1998
13%
Peter Luccin MIL 1998-2000 2000-2001
13%
Fabrice Abriel MIL 2009-2011 1999-2001
11%
Xavier Gravelaine ATT 1996-1998 1993-19961998-1999
11%
Alain Roche DEF 1989-1990 1992-1998
9%
Bernard Pardo MIL 1990-1991 1991-1992
9%
Jocelyn Angloma DEF 1991-1994 1990-1991
9%
Jean Djorkaeff DEF 1966-1970 1970-1972
7%
Pascal Nouma ATT 2001-2002 1989-19921994-1996
7%
André Luiz MIL 2001-2002 2002-2003
5%
Bruno Ngotty DEF 2000-2001 1995-1998
5%
Cyrille Pouget ATT 2000-2001 1996-1997
5%
Djamel Belmadi MIL 1999-2003 1995-1996
5%
Kaba Diawara ATT 1999-2000 2000-2003
5%
Yvon Le Roux DEF 1987-1989 1989-1990
4%
Boubacar Sarr ATT 1975-19791983-1985 1979-1983
2%
Daniel Xuereb ATT 1991-1992 1986-1989
2%
Marcel Defalco ATT 1979-1983 1983-1984
2%
William Ayache DEF 1987-1988 1986-1987
2%
Benoît Cauet MIL 1987-1990 1996-1997
0%
Claude Lowitz DEF 1987-1988 1985-1987
0%
Fabrice Moreau MIL 1995-1996 1984-1989
0%
François Brisson ATT 1986-1987 1975-19781979-1981
0%
Ilja Pantelic GB 1970-1971 1974-1977
0%
Jacky Novi DEF 1968-1973 1974-1977
0%
Jean-Louis Leonetti MIL 1955-1960 1971-19721973-1974
0%
Jean-Pierre Destrumelle MIL 1966-1970 1970-1972
0%
Jean-Pierre Dogliani MIL 1961-1964 1973-1976
0%
Jean-Pierre Tokoto MIL 1968-19691971-1972 1975-1977
0%
Michel N'Gom ATT 1977-19781979-1981 1981-1984
0%
Thierry Laurey MIL 1986-1987 1989-1990
0%
Aucun quiz correspondant
Distribution des résultats
% des personnes avec chaque résultat
Percentile par nombre de réponses
Votre historique - résultats
Vous n’avez pas pris ce quiz